[Event "KL Chess Open 2014"]
[Site "Kuala Lumpur MAS"]
[Date "2014.04.05"]
[Round "3.24"]
[White "Wiwatanadate, Poompong"]
[Black "Hoang, Thi Bao Tram"]
[Result "1/2-1/2"]
[BlackTitle "WGM"]
[WhiteElo "2078"]
[BlackElo "2280"]
[WhiteFideId "6201083"]
[BlackFideId "12401102"]
[EventDate "2014.04.04"]

1. d4 d5 2. c4 c6 3. Nc3 Nf6 4. e3 g6 5. Nf3 Bg7 6. Be2 O-O 7. O-O a6 8. a4 Be6
9. Ng5 Bf5 10. cxd5 cxd5 11. b4 Nc6 12. Ba3 Re8 13. b5 axb5 14. axb5 Na5 15. Bb4
h6 16. Nf3 Nc4 17. Rxa8 Qxa8 18. Nxd5 Nxd5 19. Bxc4 Nxb4 20. Qb3 e6 21. Qxb4 Rc8
22. b6 Be4 23. Nd2 Bc6 24. Qb2 Qa5 25. Be2 Bf6 26. Bf3 Bxf3 27. Nxf3 Rc6 28. Ra1
Qxb6 29. Qxb6 Rxb6 30. g3 Rb2 31. Ra8+ Kg7 32. Kg2 Bg5 33. Nxg5 hxg5 34. g4 f5
35. h3 b5 36. Rb8 b4 37. Rb6 Kf7 38. Rb7+ Kf6 39. Kf3 b3 40. Kg3 Rb1 41. Kg2 Rb2
42. Kg3 Rb1 43. Kg2 1/2-1/2

[Event "KL Chess Open 2014"]
[Site "Kuala Lumpur MAS"]
[Date "2014.04.05"]
[Round "3.25"]
[White "Ram, Aravind L N"]
[Black "Pitra, Andika"]
[Result "0-1"]
[WhiteTitle "FM"]
[BlackTitle "FM"]
[WhiteElo "2054"]
[BlackElo "2276"]
[WhiteFideId "25033760"]
[BlackFideId "7103255"]
[EventDate "2014.04.04"]

1. e4 c5 2. Nf3 e6 3. d4 cxd4 4. Nxd4 Nc6 5. Nb3 Nf6 6. Bd3 d5 7. exd5 Nxd5 8.
a3 Bd6 9. O-O O-O 10. c4 Nf4 11. Bxf4 Bxf4 12. Nc3 f5 13. c5 Qf6 14. Bb5 a6 15.
Bxc6 bxc6 16. Qf3 Be5 17. g3 Rb8 18. Na5 f4 19. Na4 fxg3 20. Qxf6 gxh2+ 21. Kh1
Bxf6 22. Nc4 e5 23. Nab6 Bh3 24. Rfe1 Bh4 25. Re3 Be6 26. Rxe5 Bxc4 27. Nxc4
Rxf2 28. Rd1 Rbf8 29. Re3 Bg5 30. Re6 Bf4 31. Rxc6 Bg3 32. Ne3 Bf4 33. Nd5 Be5
34. Ne7+ Kf7 35. Nd5 Rd8 0-1

[Event "KL Chess Open 2014"]
[Site "Kuala Lumpur MAS"]
[Date "2014.04.05"]
[Round "3.27"]
[White "Borsos, Bogdan"]
[Black "Fong, Yit Ho"]
[Result "1/2-1/2"]
[WhiteTitle "IM"]
[WhiteElo "2247"]
[BlackElo "1931"]
[WhiteFideId "14100568"]
[BlackFideId "5702780"]
[EventDate "2014.04.04"]

1. d4 d5 2. c4 e6 3. g3 c5 4. Nf3 Nc6 5. cxd5 exd5 6. Bg2 Nf6 7. O-O Be7 8. Nc3
O-O 9. dxc5 Bxc5 10. Bg5 d4 11. Bxf6 Qxf6 12. Nd5 Qd8 13. Nd2 a6 14. Rc1 Ba7 15.
Re1 Re8 16. Nf4 Bg4 17. h3 Bd7 18. Nb3 Qg5 19. h4 Qe5 20. Qd2 Rad8 21. Nd3 Qd6
22. Nbc5 Bxc5 23. Nxc5 Bc8 24. Nxa6 bxa6 25. Bxc6 Bd7 26. Bxd7 Rxd7 27. Qd3 g6
28. Red1 Qe6 29. Rc4 Qxe2 30. Rxd4 Qxd3 31. R1xd3 Re1+ 32. Kg2 Rb7 33. Rd8+ Kg7
34. R8d7 Rxd7 35. Rxd7 Re2 36. Rb7 a5 37. Kf3 Rc2 38. a4 h6 39. Rb5 h5 40. b3 f6
41. Ke3 Kh6 42. Rxa5 Rc3+ 43. Ke2 Rxb3 44. Ra8 g5 45. a5 Ra3 46. hxg5+ Kxg5 47.
a6 Kf5 48. Kf1 Kg6 49. Kg2 Kh6 50. Kh3 Kg6 51. Kh4 Ra1 52. Kh3 Ra3 53. Kh2 Ra2
54. Kg1 Ra1+ 55. Kg2 Ra3 56. Kf1 Ra2 57. Ke1 Kg7 58. a7 Kh7 59. Kf1 Kg7 60. Kg2
Ra3 61. Kf1 Ra2 62. Ke1 Kh7 63. Kd1 Kg7 64. Kc1 Ra6 65. Kb2 Rb6+ 66. Kc3 Ra6 67.
Kd4 Ra4+ 68. Kd5 Ra5+ 69. Ke4 Ra4+ 70. Ke3 Ra3+ 71. Kf4 Ra4+ 72. Kf3 Ra3+ 73.
Kg2 Ra2 74. Kh3 Ra1 75. f3 Ra2 76. g4 hxg4+ 77. Kxg4 Ra1 78. f4 Ra5 79. f5 Ra1
80. Rb8 Rxa7 81. Kh5 Rc7 82. Rb5 Ra7 83. Rb2 Rc7 84. Rg2+ Kf7 85. Ra2 Rb7 86.
Ra6 Rc7 87. Kh6 Rb7 88. Kh7 Rc7 89. Ra2 Rb7 1/2-1/2

[Event "KL Chess Open 2014"]
[Site "Kuala Lumpur MAS"]
[Date "2014.04.05"]
[Round "3.28"]
[White "Zulfic, Fedja"]
[Black "Low, Zhen Yu Cyrus"]
[Result "1/2-1/2"]
[WhiteElo "2192"]
[BlackElo "1921"]
[WhiteFideId "3208427"]
[BlackFideId "5804175"]
[EventDate "2014.04.04"]

1. e4 c5 2. Nf3 d6 3. d4 cxd4 4. Nxd4 Nf6 5. Nc3 a6 6. Bg5 e6 7. f4 Nbd7 8. Qf3
Qc7 9. O-O-O b5 10. Bd3 Bb7 11. Rhe1 Qb6 12. Nd5 Qxd4 13. Bxf6 gxf6 14. Bxb5 Qc5
15. Nxf6+ Kd8 16. Nxd7 Qxb5 17. Nxf8 Rxf8 18. Qa3 Ke8 19. Qxd6 Qc6 20. Qd2 Qc7
21. g3 Rd8 22. Qb4 Rxd1+ 23. Rxd1 Qc6 24. Rd4 Rg8 25. b3 e5 26. Rc4 Qd7 27. Qc5
f6 28. Qb6 Rg7 29. Qxf6 exf4 30. Rd4 Qe7 31. Qxf4 Qg5 32. Qxg5 Rxg5 33. Kd2 Rh5
34. h4 Rh6 35. Ke3 Ke7 36. e5 Re6 37. Kf4 h5 38. Rd6 Bc8 39. Rxe6+ Bxe6 40. c4
a5 41. Kg5 Bg4 42. a3 Ke6 43. Kf4 Be2 44. c5 Kd5 45. b4 axb4 46. axb4 Bb5 47. c6
Kxc6 48. Kg5 Kd5 49. Kf6 Bd7 50. Kg6 Bg4 51. Kf6 Bd7 52. Kg6 Bg4 53. Kf6 Bd7 1/2-1/2

[Event "KL Chess Open 2014"]
[Site "Kuala Lumpur MAS"]
[Date "2014.04.05"]
[Round "3.29"]
[White "Akhramsyah, Aqil Ainuddin Naufal"]
[Black "Fong, Yit San"]
[Result "1/2-1/2"]
[WhiteElo "1548"]
[BlackElo "2190"]
[WhiteFideId "5714958"]
[BlackFideId "5702640"]
[EventDate "2014.04.04"]

1. d4 Nf6 2. Nf3 g6 3. g3 Bg7 4. Bg2 O-O 5. O-O d5 6. c4 dxc4 7. Qa4 Nbd7 8.
Qxc4 c6 9. Nc3 Nb6 10. Qd3 Be6 11. Qc2 Qc8 12. Bg5 h6 13. Bxf6 exf6 14. e3 Rd8
15. Rfd1 f5 16. Ne2 Nd5 17. a3 a5 18. Rac1 a4 19. Rd3 Nf6 20. Qd1 Bb3 21. Qe1
Bd5 22. Nd2 Be4 23. Nxe4 fxe4 24. Rd2 Qe6 25. Rc5 Nd7 26. Rc1 Kh7 27. Nf4 Qe7
28. d5 g5 29. dxc6 bxc6 30. Ne2 Nc5 31. Rxd8 Rxd8 32. Qb4 Rd5 33. Nd4 Qd6 34.
Nxc6 Rd1+ 35. Rxd1 Qxd1+ 36. Bf1 Qc1 37. Nd4 Nd3 38. Qe7 Bxd4 39. Qxe4+ Kg8 40.
Qxd4 Nxb2 41. Qf6 Nd1 42. Qxh6 Qd2 43. Qxg5+ Kf8 44. Qc5+ Kg8 45. Qc8+ Kg7 46.
Qg4+ Kf8 47. Qe2 Qc1 48. Qe1 Qc2 49. Be2 Qc1 1/2-1/2

[Event "KL Chess Open 2014"]
[Site "Kuala Lumpur MAS"]
[Date "2014.04.05"]
[Round "3.31"]
[White "Dewi, Aa Citra"]
[Black "Savant, Riya"]
[Result "1/2-1/2"]
[WhiteTitle "WFM"]
[BlackTitle "WFM"]
[WhiteElo "2154"]
[BlackElo "1938"]
[WhiteFideId "7101244"]
[BlackFideId "5067359"]
[EventDate "2014.04.04"]

1. e4 c5 2. Nf3 g6 3. d4 cxd4 4. Nxd4 Bg7 5. c4 Nc6 6. Be3 Nf6 7. Nc3 O-O 8. Be2
b6 9. O-O Bb7 10. f3 e6 11. Qd2 d5 12. Nxc6 Bxc6 13. cxd5 exd5 14. e5 Ne8 15. f4
f6 16. Bd4 Nc7 17. exf6 Bxf6 18. Rad1 Bxd4+ 19. Qxd4 Qf6 20. g3 Rad8 21. Bf3
Qxd4+ 22. Rxd4 Rd7 23. Re1 Kf7 24. Re5 Re8 25. Rxe8 Kxe8 26. Bg4 Re7 27. Kf2 Kf7
28. Rd1 Kf6 29. Bf3 Rd7 30. g4 h5 31. gxh5 gxh5 32. h4 Kf5 33. Ne2 Ne6 34. Ng3+
Kxf4 35. Nxh5+ Ke5 36. Re1+ Kd6 37. Rxe6+ Kxe6 38. Bg4+ Ke5 39. Bxd7 Bxd7 40.
Ng3 Kf4 41. Ne2+ Kg4 42. Ke3 Kxh4 43. Kf4 Kh5 44. Ke5 Kg4 45. Nc3 Kf3 46. Kd4
Bc6 47. b4 Kf4 48. b5 Bb7 49. Nxd5+ Kf5 50. Nc7 Kf6 51. a3 1/2-1/2

[Event "KL Chess Open 2014"]
[Site "Kuala Lumpur MAS"]
[Date "2014.04.05"]
[Round "3.32"]
[White "Grafil, Franz Robert"]
[Black "Calvelo, Jelvis"]
[Result "1-0"]
[WhiteElo "1972"]
[BlackElo "2115"]
[WhiteFideId "5205298"]
[BlackFideId "5208009"]
[EventDate "2014.04.04"]

1. d4 Nf6 2. c4 d5 3. Nf3 c6 4. e3 a6 5. Bd3 b5 6. b3 Bg4 7. Nbd2 Nbd7 8. Bb2 e6
9. Qc2 Be7 10. O-O Bh5 11. Ne5 Nxe5 12. dxe5 Nd7 13. cxd5 cxd5 14. Rac1 Nc5 15.
f4 Nxd3 16. Qxd3 Bg6 17. Qe2 O-O 18. g4 Qd7 19. Nf3 Rac8 20. Nd4 Rxc1 21. Rxc1
Rc8 22. Qf1 Be4 23. Rxc8+ Qxc8 24. Qc1 Qxc1+ 25. Bxc1 Bb4 26. Bb2 Bd2 27. Kf2
Bd3 28. a3 Ba5 29. Nc6 Bd2 30. b4 h5 31. g5 g6 32. Nd4 a5 33. Nb3 Bxb4 34. axb4
axb4 35. Ke1 Kf8 36. Kd2 Bf1 37. Bd4 Ke8 38. Bc5 Kd7 39. Bxb4 Kc6 40. Kc3 Kb6
41. Kd4 Be2 42. Nc5 Kc6 43. e4 Bf3 44. f5 Bg4 45. exd5+ exd5 46. e6 1-0

[Event "KL Chess Open 2014"]
[Site "Kuala Lumpur MAS"]
[Date "2014.04.05"]
[Round "3.33"]
[White "Kulpruethanon, Thanadon"]
[Black "Lim, Kian Hwa"]
[Result "1-0"]
[WhiteElo "2113"]
[BlackElo "1851"]
[WhiteFideId "6201610"]
[BlackFideId "5700744"]
[EventDate "2014.04.04"]

1. Nf3 Nf6 2. g3 c6 3. Bg2 d5 4. c4 Nbd7 5. d4 e6 6. O-O Bd6 7. Qc2 O-O 8. Rd1
Ne4 9. b3 Ndf6 10. Ne1 h6 11. Ba3 Bxa3 12. Nxa3 Qe7 13. Qb2 b6 14. Rac1 Bb7 15.
Nd3 a6 16. Rc2 Rac8 17. Nb1 Rc7 18. Rdc1 Rfc8 19. Qa3 Qxa3 20. Nxa3 c5 21. cxd5
exd5 22. f3 c4 23. bxc4 dxc4 24. Rxc4 Rxc4 25. Nxc4 b5 26. Na5 Nc3 27. Kf2 Ba8
28. Ke1 Nfd5 29. Kd2 Re8 30. e4 Nxa2 31. Rc5 Ndb4 32. Nxb4 Nxb4 33. Kc3 f5 34.
Kxb4 fxe4 35. fxe4 Bxe4 36. Bh3 Bf3 37. Rc8 Kf8 38. Bd7 1-0

[Event "KL Chess Open 2014"]
[Site "Kuala Lumpur MAS"]
[Date "2014.04.05"]
[Round "3.34"]
[White "Yap, Abel Jinwei"]
[Black "Vucak, Mark"]
[Result "1-0"]
[WhiteElo "2073"]
[BlackElo "1771"]
[WhiteFideId "5701872"]
[BlackFideId "3218937"]
[EventDate "2014.04.04"]

1. d4 Nf6 2. Nf3 e6 3. c4 Bb4+ 4. Bd2 Bxd2+ 5. Qxd2 O-O 6. Nc3 b6 7. g3 Ba6 8.
b3 Bb7 9. Bg2 Ne4 10. Nxe4 Bxe4 11. O-O d5 12. Rac1 Nd7 13. cxd5 exd5 14. Rfd1
Rc8 15. Bh3 Bxf3 16. exf3 f5 17. f4 g6 18. Bf1 c6 19. Rc3 b5 20. Rdc1 Qb6 21.
Bg2 Nf6 22. Qc2 Ne4 23. Rxc6 Rxc6 24. Qxc6 Qxd4 25. Bxe4 Qxe4 26. Rd1 Rd8 27.
Qc7 Qe8 28. Qxa7 Qc6 29. Qe3 Qd6 30. Qd4 b4 31. h4 h5 32. Rc1 Qe6 33. Rc7 Rd7
34. Rc8+ Kf7 35. Qh8 Qe1+ 36. Kg2 Qe4+ 37. Kh2 Qe7 38. Qg8+ Kf6 39. Rf8+ Qf7 40.
Rxf7+ Rxf7 41. Qd8+ Ke6 42. Qe8+ Re7 43. Qc6+ Kf7 44. Qxd5+ Kf6 45. Qd6+ Kf7 46.
Qxb4 Re4 47. Qb7+ Kf6 48. a4 g5 49. hxg5+ Kg6 50. Qc6+ Kh7 51. Qh6+ Kg8 52. Qg6+
Kh8 53. Qf6+ Kg8 54. g6 1-0

[Event "KL Chess Open 2014"]
[Site "Kuala Lumpur MAS"]
[Date "2014.04.05"]
[Round "3.35"]
[White "Wettasinha, Vasanta"]
[Black "Thipsay, Bagyashree Sathe"]
[Result "0-1"]
[BlackTitle "WIM"]
[WhiteElo "1784"]
[BlackElo "2061"]
[WhiteFideId "9904433"]
[BlackFideId "5001013"]
[EventDate "2014.04.04"]

1. e4 c6 2. d4 d5 3. Nd2 dxe4 4. Nxe4 Nf6 5. Nxf6+ gxf6 6. g3 h5 7. Bg2 Bg4 8.
Qd3 e6 9. Be3 Nd7 10. Ne2 Bb4+ 11. c3 Be7 12. h3 Ne5 13. Qc2 Bf3 14. O-O Bxg2
15. Kxg2 Qd5+ 16. f3 Nc4 17. Bg1 O-O-O 18. b3 Nd6 19. c4 Qg5 20. Rad1 Nf5 21.
Qe4 Nxg3 22. Nxg3 Rdg8 23. Bh2 h4 24. f4 Qh5 25. Rd3 hxg3 26. Bxg3 f5 27. Qf3
Qxh3+ 28. Kf2 Rxg3 0-1

[Event "KL Chess Open 2014"]
[Site "Kuala Lumpur MAS"]
[Date "2014.04.05"]
[Round "3.37"]
[White "Lim, Ming Xian"]
[Black "Hoang, Thi Nhu Y"]
[Result "0-1"]
[BlackTitle "WIM"]
[WhiteElo "1729"]
[BlackElo "2207"]
[WhiteFideId "5708940"]
[BlackFideId "12401455"]
[EventDate "2014.04.04"]

1. e4 c6 2. Nc3 d5 3. Nf3 Bg4 4. h3 Bxf3 5. Qxf3 e6 6. d3 Nd7 7. Be2 Ngf6 8. O-O
Bd6 9. Bf4 e5 10. Bg5 d4 11. Nb1 h6 12. Bc1 Qe7 13. a4 Nf8 14. Na3 Ng6 15. Nc4
Bb4 16. Qg3 b5 17. axb5 cxb5 18. Na3 Qc5 19. Bd1 a6 20. f4 exf4 21. Bxf4 O-O 22.
Bxh6 Nxe4 23. dxe4 gxh6 24. Rf5 Qe7 25. Bh5 Kg7 26. e5 Bd2 27. Raf1 Bg5 28. h4
Be3+ 29. Kh1 Kh8 30. e6 fxe6 31. R5f3 Rxf3 32. Rxf3 Qxh4+ 33. Qxh4 Nxh4 34. Rf6
Nf5 35. Kh2 Ng7 36. Bf3 Rb8 37. c4 dxc3 38. bxc3 Kg8 39. Nc2 Bg5 40. Rg6 Kf7 41.
Be4 Nh5 42. Nd4 Nf4 43. Nc6 Nxg6 44. Nxb8 Bf4+ 0-1

[Event "KL Chess Open 2014"]
[Site "Kuala Lumpur MAS"]
[Date "2014.04.05"]
[Round "3.38"]
[White "Greenwood, Martin C"]
[Black "Ismail, Ahmad"]
[Result "0-1"]
[WhiteElo "1587"]
[BlackElo "2035"]
[WhiteFideId "423670"]
[BlackFideId "5700655"]
[EventDate "2014.04.04"]

1. e4 d5 2. exd5 Nf6 3. d4 Bg4 4. Be2 Bxe2 5. Qxe2 Qxd5 6. Nf3 e6 7. O-O Bd6 8.
Nc3 Qh5 9. Qb5+ Qxb5 10. Nxb5 a6 11. Nxd6+ cxd6 12. Bf4 Kd7 13. h3 Nc6 14. c3 h6
15. Rfe1 g5 16. Bg3 Rhg8 17. Rad1 b5 18. Ne5+ dxe5 19. dxe5+ Nd5 20. b3 Ke7 0-1

[Event "KL Chess Open 2014"]
[Site "Kuala Lumpur MAS"]
[Date "2014.04.05"]
[Round "3.40"]
[White "Tan, Li Ting"]
[Black "Singgih, Diajeng Theresa"]
[Result "1-0"]
[WhiteElo "1928"]
[BlackElo "1629"]
[WhiteFideId "5704820"]
[BlackFideId "7104391"]
[EventDate "2014.04.04"]

1. d4 d5 2. c4 e6 3. Nc3 Nf6 4. Bg5 Be7 5. Nf3 O-O 6. e3 b6 7. cxd5 Nxd5 8. Bxe7
Qxe7 9. Nxd5 exd5 10. Qc2 Bb7 11. Bd3 h6 12. O-O c5 13. Rfe1 c4 14. Bf5 g6 15.
Bh3 Nc6 16. a3 Na5 17. Nd2 b5 18. Qc3 Nc6 19. e4 Qd6 20. Rad1 a5 21. exd5 Qxd5
22. Ne4 Kg7 23. Qf3 Rfe8 24. Qf6+ Kg8 25. Nd6 Rxe1+ 26. Rxe1 Nxd4 27. Nxb7 Nc2
28. Rc1 Re8 29. Qf3 Qd2 30. Rf1 Re1 31. g3 Nd4 32. Qf6 Qd1 33. Qd8+ Kg7 34. Rxe1
Qxe1+ 35. Bf1 Nf3+ 36. Kg2 Nd2 37. Bd3 cxd3 38. Qxd3 Qe4+ 39. Qxe4 Nxe4 40. Nxa5
Kf6 41. Kf3 Nc5 42. Nc6 Nd3 43. b3 Ne1+ 44. Ke4 Ke6 45. Nd4+ Kd6 46. Nxb5+ Kc5
47. a4 f5+ 48. Ke5 Nd3+ 49. Kf6 g5 50. Kxf5 Nxf2 51. Nc7 Kb4 52. Nd5+ Kc5 53.
Nf6 Nd1 54. Kg6 Ne3 55. Kxh6 Nf1 56. Ng4 Kb4 57. Kxg5 1-0

[Event "KL Chess Open 2014"]
[Site "Kuala Lumpur MAS"]
[Date "2014.04.07"]
[Round "4.2"]
[White "Atalik, Suat"]
[Black "Nguyen, Anh Dung"]
[Result "1/2-1/2"]
[WhiteTitle "GM"]
[BlackTitle "GM"]
[WhiteElo "2562"]
[BlackElo "2453"]
[WhiteFideId "14401487"]
[BlackFideId "12400025"]
[EventDate "2014.04.04"]

1. d4 d5 2. c4 c6 3. Nf3 Nf6 4. Nc3 a6 5. g3 dxc4 6. a4 e6 7. Bg2 c5 8. O-O Nc6
9. dxc5 Qxd1 10. Rxd1 Bxc5 11. Bg5 O-O 12. h3 h6 13. Bf4 Re8 14. Ne5 g5 15. Be3
Bxe3 16. Nxc6 Bc5 17. Ne5 Rb8 18. Nxc4 b5 19. axb5 axb5 20. Ne5 Bb7 21. Ra5 Bb6
22. Raa1 Bxg2 23. Kxg2 Bc7 24. Nd7 Nxd7 25. Rxd7 Be5 26. Raa7 Bxc3 27. bxc3 Rf8
28. Rab7 Rxb7 29. Rxb7 Re8 30. Rxb5 e5 1/2-1/2

[Event "KL Chess Open 2014"]
[Site "Kuala Lumpur MAS"]
[Date "2014.04.07"]
[Round "4.3"]
[White "Gomez, John Paul"]
[Black "Nguyen, Van Huy"]
[Result "1-0"]
[WhiteTitle "GM"]
[BlackTitle "IM"]
[WhiteElo "2524"]
[BlackElo "2423"]
[WhiteFideId "5201381"]
[BlackFideId "12401064"]
[EventDate "2014.04.04"]

1. e4 c6 2. d4 d5 3. e5 Bf5 4. Nd2 e6 5. Nb3 Nd7 6. Nf3 Ne7 7. Be2 Bg6 8. O-O
Nf5 9. c3 a6 10. g4 Nh4 11. Nxh4 Qxh4 12. f4 h5 13. g5 O-O-O 14. Rf3 f6 15. Qf1
Bf5 16. Bxa6 bxa6 17. Qxa6+ Kc7 18. Qa7+ Kc8 19. Na5 Qg4+ 20. Kf2 Qh4+ 21. Kf1
Nc5 22. dxc5 Rd7 23. Qa8+ Kc7 24. Qb7+ Kd8 25. Nxc6+ Ke8 26. Qc8+ Kf7 27. Qxd7+
Kg6 28. exf6 Qxh2 29. Ne5+ Kh7 30. g6+ Kh6 31. Be3 1-0

[Event "KL Chess Open 2014"]
[Site "Kuala Lumpur MAS"]
[Date "2014.04.07"]
[Round "4.4"]
[White "Deepan, Chakkravarthy J."]
[Black "Ramnath Bhuvanesh, R"]
[Result "1/2-1/2"]
[WhiteTitle "GM"]
[BlackTitle "IM"]
[WhiteElo "2515"]
[BlackElo "2408"]
[WhiteFideId "5011132"]
[BlackFideId "5026598"]
[EventDate "2014.04.04"]

1. c4 Nf6 2. Nc3 g6 3. g3 Bg7 4. Bg2 O-O 5. Nf3 c6 6. O-O d5 7. cxd5 cxd5 8. d4
Ne4 9. Nd2 Nf6 10. Nf3 Ne4 11. Nd2 Nf6 12. Nf3 1/2-1/2

[Event "KL Chess Open 2014"]
[Site "Kuala Lumpur MAS"]
[Date "2014.04.07"]
[Round "4.5"]
[White "Bitoon, Richard"]
[Black "Dzhumaev, Marat"]
[Result "1-0"]
[WhiteTitle "GM"]
[BlackTitle "GM"]
[WhiteElo "2414"]
[BlackElo "2496"]
[WhiteFideId "5201110"]
[BlackFideId "14200236"]
[EventDate "2014.04.04"]

1. c4 f5 2. g3 Nf6 3. Bg2 g6 4. Nc3 Bg7 5. d3 O-O 6. Nf3 d6 7. O-O Nc6 8. Rb1 a5
9. a3 h6 10. e4 fxe4 11. dxe4 Bg4 12. h3 Bxf3 13. Bxf3 Nd7 14. Be3 e5 15. Bg2 g5
16. b4 axb4 17. axb4 Kh8 18. Nb5 b6 19. Qd5 Na7 20. Rfd1 Nf6 21. Qd3 Nxb5 22.
cxb5 Qd7 23. Ra1 Rxa1 24. Rxa1 d5 25. exd5 e4 26. Qe2 Nxd5 27. Rd1 Qf5 28. Bd4
Re8 29. Qc4 e3 30. Qxd5 1-0

[Event "KL Chess Open 2014"]
[Site "Kuala Lumpur MAS"]
[Date "2014.04.07"]
[Round "4.6"]
[White "Nguyen, Huynh Minh Huy"]
[Black "Aravindh, Chithambaram VR."]
[Result "1/2-1/2"]
[WhiteTitle "IM"]
[BlackTitle "FM"]
[WhiteElo "2474"]
[BlackElo "2417"]
[WhiteFideId "12401269"]
[BlackFideId "5072786"]
[EventDate "2014.04.04"]

1. d4 Nf6 2. c4 e6 3. Nf3 d5 4. Nc3 Be7 5. Bf4 O-O 6. e3 Nbd7 7. a3 c5 8. cxd5
Nxd5 9. Nxd5 exd5 10. dxc5 Nxc5 11. Be2 Bf6 12. Be5 Bxe5 13. Nxe5 Be6 14. Nf3
Qb6 15. b4 Ne4 16. Qd4 Rfc8 17. O-O Bg4 18. Qxd5 Nc3 19. Qd2 a5 20. Nd4 Bxe2 21.
Nxe2 axb4 22. axb4 Rxa1 23. Rxa1 Nxe2+ 24. Qxe2 Qxb4 25. h3 g6 26. Qf3 Qb2 27.
Ra7 Rc7 28. Qf4 Qc3 29. Kh2 Kg7 30. Qd6 h5 31. Ra4 Qc5 32. Qd2 Re7 33. Rd4 Qe5+
34. g3 Rc7 35. Qd3 Qf6 36. Kg2 Qc6+ 37. e4 b5 38. Rb4 Re7 39. Qd4+ f6 40. Qd3 f5
41. Qxb5 Qxb5 42. Rxb5 Rxe4 43. Kf3 Re6 1/2-1/2

[Event "KL Chess Open 2014"]
[Site "Kuala Lumpur MAS"]
[Date "2014.04.07"]
[Round "4.7"]
[White "Laxman, R.R."]
[Black "Yeoh, Li Tian"]
[Result "1-0"]
[WhiteTitle "GM"]
[WhiteElo "2449"]
[BlackElo "2328"]
[WhiteFideId "5005361"]
[BlackFideId "5702895"]
[EventDate "2014.04.04"]

1. d4 Nf6 2. c4 c5 3. d5 e6 4. Nc3 exd5 5. cxd5 d6 6. Nf3 g6 7. Bf4 a6 8. a4 Bg7
9. e3 O-O 10. Be2 Qe7 11. Nd2 Nbd7 12. Nc4 Ne8 13. O-O f5 14. Bg3 Ne5 15. Nb6
Rb8 16. a5 Nf6 17. Qc2 Bd7 18. Rae1 Rbe8 19. h3 Qd8 20. Kh1 Re7 21. Bh4 Be8 22.
f4 Ned7 23. Nc4 Qc7 24. Bf3 b5 25. axb6 Nxb6 26. Nxb6 Qxb6 27. e4 fxe4 28. Nxe4
Nxe4 29. Bxe7 Ng3+ 30. Kg1 Rxf4 31. Rf2 Bf7 32. Bg5 Rb4 33. Bc1 Bd4 34. Kh2 Bxf2
35. Qxf2 Nf5 36. Bg4 Qd8 37. Bxf5 Qf6 38. Qg3 Qxf5 39. Qxd6 Rb3 40. Bf4 g5 41.
Qd8+ Kg7 42. Be5+ Kg6 43. Qd6+ 1-0

[Event "KL Chess Open 2014"]
[Site "Kuala Lumpur MAS"]
[Date "2014.04.07"]
[Round "4.8"]
[White "Nolte, Rolando"]
[Black "Ly, Moulthun"]
[Result "1/2-1/2"]
[WhiteTitle "IM"]
[BlackTitle "IM"]
[WhiteElo "2417"]
[BlackElo "2440"]
[WhiteFideId "5200636"]
[BlackFideId "3204405"]
[EventDate "2014.04.04"]

1. e4 c5 2. Nf3 e6 3. d4 cxd4 4. Nxd4 Nc6 5. Nc3 Qc7 6. Be3 a6 7. Qd2 Nf6 8.
O-O-O Be7 9. f3 b5 10. Kb1 O-O 11. g4 Nxd4 12. Bxd4 Bb7 13. Bd3 d6 14. g5 Nd7
15. h4 b4 16. Ne2 Ne5 17. Rdf1 d5 18. Bxe5 Qxe5 19. f4 Qc7 20. e5 a5 21. Nd4 Bc5
22. Nb5 Qb6 23. f5 Ba6 24. Nd6 Bxd6 25. exd6 Bxd3 26. Qxd3 Qxd6 27. f6 Ra7 28.
fxg7 Rc8 29. h5 Rac7 30. h6 Qe5 31. Rhg1 Rc4 32. Re1 Qh2 33. Qe2 Qc7 34. Rc1 a4
35. Rg4 a3 36. Rxc4 dxc4 37. Rd1 axb2 38. Qe4 Qa5 39. g6 hxg6 40. Qd4 Qd5 41.
Qg4 Qh5 42. Qd4 Qd5 43. Qg4 Qh5 44. Qd4 Kh7 45. Rf1 g5 46. Kxb2 f5 47. g8=Q+
Rxg8 48. Qd7+ Kh8 49. Qd4+ 1/2-1/2

[Event "KL Chess Open 2014"]
[Site "Kuala Lumpur MAS"]
[Date "2014.04.07"]
[Round "4.9"]
[White "Hakiki, Kaisar Jenius"]
[Black "Murshed, Niaz"]
[Result "0-1"]
[WhiteTitle "FM"]
[BlackTitle "GM"]
[WhiteElo "2291"]
[BlackElo "2464"]
[WhiteFideId "7102097"]
[BlackFideId "10200010"]
[EventDate "2014.04.04"]

1. e4 c5 2. Nf3 Nc6 3. d4 cxd4 4. Nxd4 Qc7 5. Nc3 e6 6. Be2 a6 7. O-O Nf6 8. Bg5
Be7 9. a4 Ng4 10. Bxg4 Bxg5 11. Nxc6 bxc6 12. Re1 Bf6 13. Qd2 h5 14. Be2 Be5 15.
g3 c5 16. Rad1 Bb7 17. Bf1 f5 18. exf5 Qc6 19. f3 Bd4+ 20. Kh1 h4 21. gxh4 Rxh4
22. fxe6 O-O-O 23. Re4 Rdh8 24. exd7+ Kxd7 0-1

[Event "KL Chess Open 2014"]
[Site "Kuala Lumpur MAS"]
[Date "2014.04.07"]
[Round "4.10"]
[White "Kuderinov, Kirill"]
[Black "Sihite, Chelsie Monica"]
[Result "1/2-1/2"]
[WhiteTitle "IM"]
[BlackTitle "WIM"]
[WhiteElo "2448"]
[BlackElo "2281"]
[WhiteFideId "13701568"]
[BlackFideId "7101198"]
[EventDate "2014.04.04"]

1. e4 e5 2. Nf3 Nc6 3. Bb5 f5 4. d4 fxe4 5. Nxe5 Nxe5 6. dxe5 c6 7. Be2 Qa5+ 8.
Bd2 Qxe5 9. Bc3 Qg5 10. Bh5+ Kd8 11. O-O Nf6 12. Be2 d5 13. Bd2 Qg6 14. Bf4 h5
15. Kh1 Bg4 16. f3 exf3 17. Bxf3 Bc5 18. c4 Qf5 19. Bxg4 Qxg4 20. Qd3 Rc8 21.
Nc3 Re8 22. h3 Qd7 23. cxd5 Nxd5 24. Qc2 Bd4 25. Bh2 b6 26. Rf5 Qe6 27. Rf7 Qd7 1/2-1/2

[Event "KL Chess Open 2014"]
[Site "Kuala Lumpur MAS"]
[Date "2014.04.07"]
[Round "4.11"]
[White "Lazarev, Vladimir"]
[Black "Kulkarni, Bhakti"]
[Result "1/2-1/2"]
[WhiteTitle "GM"]
[BlackTitle "CM"]
[WhiteElo "2441"]
[BlackElo "2246"]
[WhiteFideId "4113250"]
[BlackFideId "5019516"]
[EventDate "2014.04.04"]

1. d4 Nf6 2. c4 g6 3. Nc3 Bg7 4. e4 d6 5. Nf3 O-O 6. Be2 Na6 7. O-O e5 8. Be3
Ng4 9. Bg5 Qe8 10. dxe5 dxe5 11. h3 f6 12. Bd2 Nh6 13. c5 c6 14. Bxa6 bxa6 15.
Bxh6 Bxh6 16. Qa4 Rb8 17. Rad1 Rf7 18. Qa5 Be6 19. b3 Bf8 20. Rd3 Qe7 21. Rd6
Qe8 22. Rd3 Qe7 23. Na4 Rb5 24. Qc3 Qc7 25. Rfd1 Be7 26. Nd2 Qa5 27. Nc4 Qxc3
28. Rxc3 Rf8 29. Kf1 Rb4 30. Na5 Rc8 31. f3 Rb5 32. Nc4 Rb4 33. Rdc1 Rd8 34. Na5
Rc8 35. Ke2 Rc7 36. a3 Rb5 37. b4 Rb8 38. Rd3 Rd8 39. Rcd1 Rxd3 40. Rxd3 Kf7 41.
Nb2 Ke8 42. Kd2 Kf7 43. Kc3 Ke8 44. Nbc4 Kf8 45. Nd6 Bg8 46. Ndb7 Ke8 47. Nd6+
Kf8 48. Nac4 Be6 49. Na5 Bg8 50. Kc2 Be6 51. Rc3 Bd8 52. Rd3 Be7 53. Ndc4 Ke8
54. Rd2 Bg8 55. Nd6+ Kf8 56. Kc3 Be6 57. Rd3 Bg8 58. Ndb7 Ke8 59. Nd6+ Kf8 60.
Ndb7 Ke8 1/2-1/2